Nestramski govor

Titel: Nestramski govor
Verfasser:
Ausgabe: 1st, New ed.
Veröffentlicht: Frankfurt a.M. : Peter Lang GmbH, 1998
Umfang: 1 Online-Ressource
Format: E-Book
Sprache: Kroatisch
Schriftenreihe/
mehrbändiges Werk:
Slavistische Beiträge ; 364
RVK-Notation:
Schlagworte:
ISBN: 9783954795192 ; 9783876907109
Buchumschlag
X
alg: 44760464
001A    $06055:10-04-19 
001B    $01999:08-11-24 $t21:38:36.000 
001D    $06055:10-04-19 
001U    $0utf8 
001X    $00 
002@    $0Oax 
002C    $aText $btxt $2rdacontent 
002D    $aComputermedien $bc $2rdamedia 
002E    $aOnline-Ressource $bcr $2rdacarrier 
003@    $0447604643 
004A    $A978-3-95479-519-2 
004O    $A978-3-87690-710-9 $Sp 
004P    $010.3726/b12590 $S0 
007A    $0447604643 $aHEB 
007I    $0PL-9783954795192 
009Q    $S0 $uhttps://www.peterlang.com/view/product/86480?format=EPDF $xH 
010@    $ahrv 
011@    $a1998 
017B    $aZDB-114-LAC 
017B    $aZDB-114-LOA 
021A    $aNestramski govor 
028A    $BVerfasser $#Šmiger, Roland $4aut $D20231015 $Ecgwrk $71068541105 $8Schmieger, Roland$Z1965- [Tp1] $935693246X 
032@    $a1st, New ed. 
033A    $pFrankfurt a.M. $nPeter Lang GmbH 
034D    $a1 Online-Ressource 
036E    $aSlavistische Beiträge $l364 
044A    $aFOR024000 $2bisacsh $N650 
044K    $qDNB $74516824-6 $8Nestram [Tg1] $9089292634 
044K    $qDNB $RRegionalsprache $#Dialects $#Régionalismes (linguistique) $#Dialetti $#Dialekt Linguistik $#Regiolekt $#Mundarten $74040725-1 $8Mundart [Ts1] $9085111333 
045B    $a491.8197 $eDDC21oclc 
045E    $a57 
045Z    $8KZ 4650 [Tkv] $9409435244 
045Z    $8KZ 4655 [Tkv] $9409435252 
047A    $aSacherschließung maschinell aus paralleler Ausg. übernommen 
047I    $aDer Dialekt des Dorfes Nestram im Bezirk Kostur in Griechenland gehört zum äußersten südwestlichen makedonischen (und slavischen) Sprachgebiet und grenzt als solcher an das kompakte Territorium der neugriechischen Sprache an. Er ist bedingt durch seine geographische Lage einerseits recht archaisch und andererseits Interferenzerscheinungen durch das Neugriechische ausgesetzt. Die vorliegende Arbeit ist eine dialektologische Beschreibung, die diese spezifischen Eigenheiten berücksichtigt. Das Dialektmaterial wurde unter Anwendung einer kombinierten Methode gesammelt: Feldforschung in Nestram selbst und Gespräche mit Dialektsprechern, die nach dem Bürgerkrieg aus Nestram geflohen sind und heute in der Republik Makedonien leben. In kyrillischer Schrift, serbokroat., Parallelsacht.: Der Dialekt von Nestram. 

lok: 44760464 3
101B    $015-04-19 $t13:20:10.000 
101C    $015-04-19 
101U    $0utf8 
145S/01 $a036 

exp: 44760464 3 1 #EPN
201B/01 $010-04-19 $t22:42:39.641 
201C/01 $010-04-19 
201U/01 $0utf8 
203@/01 $01050034740 
204P/01 $010.3726/b12590 $S0 
208@/01 $a10-04-19 $bl 

lok: 44760464 5

exp: 44760464 5 1 #EPN
201B/01 $011-03-22 $t19:24:56.779 
201C/01 $011-03-22 
201U/01 $0utf8 
203@/01 $01185724044 
204P/01 $010.3726/b12590 $S0 
208@/01 $a11-03-22 $bl 

lok: 44760464 8

exp: 44760464 8 1 #EPN
201B/01 $010-04-19 $t22:42:39.646 
201C/01 $010-04-19 
201U/01 $0utf8 
203@/01 $01050034759 
204P/01 $010.3726/b12590 $S0 
208@/01 $a10-04-19 $bl 

lok: 44760464 11

exp: 44760464 11 1 #EPN
201B/01 $018-05-19 $t22:44:38.380 
201C/01 $018-05-19 
201U/01 $0utf8 
203@/01 $0105154789X 
204P/01 $010.3726/b12590 $S0 
208@/01 $a18-05-19 $bl 

lok: 44760464 20

exp: 44760464 20 1 #EPN
201B/01 $010-04-19 $t22:42:39.654 
201C/01 $010-04-19 
201U/01 $0utf8 
203@/01 $01050034775 
204P/01 $010.3726/b12590 $S0 
208@/01 $a10-04-19 $bl 

lok: 44760464 21

exp: 44760464 21 1 #EPN
201B/01 $010-04-19 $t22:42:39.657 
201C/01 $010-04-19 
201U/01 $0utf8 
203@/01 $01050034783 
204P/01 $010.3726/b12590 $S0 
208@/01 $a10-04-19 $bl 

lok: 44760464 23

exp: 44760464 23 1 #EPN
201B/01 $010-04-19 $t22:42:39.660 
201C/01 $010-04-19 
201U/01 $0utf8 
203@/01 $01050034791 
204P/01 $010.3726/b12590 $S0 
208@/01 $a10-04-19 $bl 

lok: 44760464 24

exp: 44760464 24 1 #EPN
201B/01 $018-05-19 $t22:44:38.384 
201C/01 $018-05-19 
201U/01 $0utf8 
203@/01 $01051547903 
204P/01 $010.3726/b12590 $S0 
208@/01 $a18-05-19 $bl 

lok: 44760464 25

exp: 44760464 25 1 #EPN
201B/01 $010-04-19 $t22:42:39.664 
201C/01 $010-04-19 
201U/01 $0utf8 
203@/01 $01050034805 
204P/01 $010.3726/b12590 $S0 
208@/01 $a10-04-19 $bl 

lok: 44760464 204

exp: 44760464 204 1 #EPN
201B/01 $010-04-19 $t22:42:39.667 
201C/01 $010-04-19 
201U/01 $0utf8 
203@/01 $01050034813 
204P/01 $010.3726/b12590 $S0 
208@/01 $a10-04-19 $bl 

lok: 44760464 205

exp: 44760464 205 1 #EPN
201B/01 $010-04-19 $t22:42:39.671 
201C/01 $010-04-19 
201U/01 $0utf8 
203@/01 $01050034821 
204P/01 $010.3726/b12590 $S0 
208@/01 $a10-04-19 $bl
LEADER 00000cam a22000002c 4500
001 447604643
003 DE-603
005 20241108213836.0
007 cr||||||||||||
008 190410s1998 xx |||| o| u00||u|hrv c
020 |a 9783954795192 
024 7 |a 10.3726/b12590  |2 doi 
035 |a (DE-599)HEB447604643 
040 |a DE-603  |b ger  |c DE-603  |d DE-603 
041 |a hrv 
082 7 |a 491.8197  |2 21/oclc 
084 |a 57  |q DE-101  |2 sdnb 
084 |a KZ 4650  |0 (DE-625)90204:  |0 (DE-603)409435244  |2 rvk 
084 |a KZ 4655  |0 (DE-625)90205:  |0 (DE-603)409435252  |2 rvk 
100 1 |a Schmieger, Roland  |d 1965-  |e Verfasser  |4 aut  |0 (DE-603)35693246X  |0 (DE-588)1068541105  |2 gnd 
245 0 0 |a Nestramski govor 
250 |a 1st, New ed. 
264 1 |a Frankfurt a.M.  |b Peter Lang GmbH  |c 1998 
300 |a 1 Online-Ressource 
336 |a Text  |b txt  |2 rdacontent 
337 |a Computermedien  |b c  |2 rdamedia 
338 |a Online-Ressource  |b cr  |2 rdacarrier 
490 0 |a Slavistische Beiträge  |v 364 
520 |a Der Dialekt des Dorfes Nestram im Bezirk Kostur in Griechenland gehört zum äußersten südwestlichen makedonischen (und slavischen) Sprachgebiet und grenzt als solcher an das kompakte Territorium der neugriechischen Sprache an. Er ist bedingt durch seine geographische Lage einerseits recht archaisch und andererseits Interferenzerscheinungen durch das Neugriechische ausgesetzt. Die vorliegende Arbeit ist eine dialektologische Beschreibung, die diese spezifischen Eigenheiten berücksichtigt. Das Dialektmaterial wurde unter Anwendung einer kombinierten Methode gesammelt: Feldforschung in Nestram selbst und Gespräche mit Dialektsprechern, die nach dem Bürgerkrieg aus Nestram geflohen sind und heute in der Republik Makedonien leben. In kyrillischer Schrift, serbokroat., Parallelsacht.: Der Dialekt von Nestram. 
650 7 |a Mundart  |0 (DE-588)4040725-1  |0 (DE-603)085111333  |2 gnd 
651 7 |a Nestram  |0 (DE-588)4516824-6  |0 (DE-603)089292634  |2 gnd 
776 1 |z 9783876907109 
856 |u https://www.peterlang.com/view/product/86480?format=EPDF  |x Verlag  |z kostenfrei 
912 |a ZDB-114-LAC 
924 1 |9 603  |a (DE-603)1050034740  |b DE-603  |c HES  |d d 
924 1 |9 603  |a (DE-603)1185724044  |b DE-603  |c HES  |d d 
924 1 |9 603  |a (DE-603)1050034759  |b DE-603  |c HES  |d d 
924 1 |9 603  |a (DE-603)105154789X  |b DE-603  |c HES  |d d 
924 1 |9 603  |a (DE-603)1050034775  |b DE-603  |c HES  |d d 
924 1 |9 603  |a (DE-603)1050034783  |b DE-603  |c HES  |d d 
924 1 |9 603  |a (DE-603)1050034791  |b DE-603  |c HES  |d d 
924 1 |9 603  |a (DE-603)1051547903  |b DE-603  |c HES  |d d 
924 1 |9 603  |a (DE-603)1050034805  |b DE-603  |c HES  |d d 
924 1 |9 603  |a (DE-603)1050034813  |b DE-603  |c HES  |d d 
924 1 |9 603  |a (DE-603)1050034821  |b DE-603  |c HES  |d d